A history of the Holy Eucharist in Great Britain, (Record no. 125698)
[ view plain ]
| 000 -LEADER | |
|---|---|
| fixed length control field | 00942cam a22002531 4500 |
| 001 - CONTROL NUMBER | |
| control field | 8687225 |
| 003 - CONTROL NUMBER IDENTIFIER | |
| control field | ARRUPE |
| 005 - DATE AND TIME OF LATEST TRANSACTION | |
| control field | 20161108113633.0 |
| 008 - FIXED-LENGTH DATA ELEMENTS--GENERAL INFORMATION | |
| fixed length control field | 760519s1908 enka 001 0 eng |
| 010 ## - LIBRARY OF CONGRESS CONTROL NUMBER | |
| LC control number | 09004926 |
| 035 ## - SYSTEM CONTROL NUMBER | |
| System control number | (OCoLC)2182495 |
| 040 ## - CATALOGING SOURCE | |
| Original cataloging agency | DLC |
| Transcribing agency | CtFaU |
| Modifying agency | OCoLC |
| -- | DLC |
| 042 ## - AUTHENTICATION CODE | |
| Authentication code | premarc |
| 050 00 - LIBRARY OF CONGRESS CALL NUMBER | |
| Classification number | BV823 |
| Item number | .B7 1908 |
| 300 ## - PHYSICAL DESCRIPTION | |
| Other physical details | incl. front., illus. |
| Dimensions | 34 cm. |
| 100 1# - MAIN ENTRY--PERSONAL NAME | |
| Personal name | Bridgett, T. E. |
| Fuller form of name | (Thomas Edward), |
| Dates associated with a name | 1829-1899. |
| 9 (RLIN) | 27362 |
| 245 12 - TITLE STATEMENT | |
| Title | A history of the Holy Eucharist in Great Britain, |
| Statement of responsibility, etc | by T. E. Bridgett, C.SS.R. With notes by H. Thurston, S.J. |
| 260 ## - PUBLICATION, DISTRIBUTION, ETC. (IMPRINT) | |
| Place of publication, distribution, etc | London, |
| Name of publisher, distributor, etc | Burns & Oates; |
| Place of publication, distribution, etc | St. Louis, Mo., |
| Name of publisher, distributor, etc | B. Herder, |
| Date of publication, distribution, etc | 1908. |
| 300 ## - PHYSICAL DESCRIPTION | |
| Extent | 2 p. l., [vii]-xix, 324, [1] p. |
| 500 ## - GENERAL NOTE | |
| General note | Rearranged and curtailed. cf. Editorial note, p. vii. |
| 650 #0 - SUBJECT ADDED ENTRY--TOPICAL TERM | |
| Topical term or geographic name as entry element | Lord's Supper. |
| 9 (RLIN) | 27363 |
| 700 1# - ADDED ENTRY--PERSONAL NAME | |
| Personal name | Thurston, Herbert, |
| Dates associated with a name | 1856-1939, |
| Relator term | editor. |
| 9 (RLIN) | 27364 |
| 906 ## - LOCAL DATA ELEMENT F, LDF (RLIN) | |
| a | 7 |
| b | cbc |
| c | oclcrpl |
| d | u |
| e | ncip |
| f | 19 |
| g | y-gencatlg |
| 942 ## - ADDED ENTRY ELEMENTS (KOHA) | |
| Source of classification or shelving scheme | Library of Congress Classification |
| Koha item type | Monograph ( Printed materials) |
| Withdrawn status | Lost status | Source of classification or shelving scheme | Damaged status | Not for loan | Collection code | Home library | Current library | Shelving location | Date acquired | Total Checkouts | Full call number | Barcode | Date last seen | Price effective from | Koha item type |
|---|---|---|---|---|---|---|---|---|---|---|---|---|---|---|---|
| Library of Congress Classification | Main Collection | ARRUPE LIBRARY | ARRUPE LIBRARY | Main Collection | 08/11/2016 | L. BV823 .B7 1908 | 46500009944 | 08/11/2016 | 08/11/2016 | Monograph ( Printed materials) |